Statistics for 当初から町制を施行している町(栃木県)

Click here to take the quiz!

General Stats

  • This quiz has been taken 20 times
    (12 since last reset)
  • The average score is 16 of 26

Answer Stats

% Correct
下都賀郡栃木町
100%
下都賀郡小山町
100%
足利郡足利町
100%
安蘇郡佐野町
100%
河内郡宇都宮町
92%
上都賀郡日光町
92%
上都賀郡今市町
92%
那須郡大田原町
92%
上都賀郡鹿沼町
92%
上都賀郡足尾町
83%
芳賀郡真岡町
83%
那須郡烏山町
75%
芳賀郡茂木町
75%
塩谷郡氏家町
67%
安蘇郡葛生町
58%
安蘇郡田沼町
58%
下都賀郡壬生町
58%
下都賀郡藤岡町
58%
那須郡黒羽町
42%
塩谷郡喜連川町
33%
那須郡川西町
25%
安蘇郡堀米町
17%
那須郡芦野町
17%
那須郡佐久山町
17%
安蘇郡犬伏町
8%
芳賀郡久下田町
8%

Score Distribution

Percentile by Number Answered

Percent of People with Each Score

Your Score History

You have not taken this quiz since the last reset